000 00962nmm a2200313 a 4500
003 AR-BaBNM
005 20251128211554.0
008 055020s2002 ||||||||||||||000 | spa||
020 _a0-8384-3858-X
040 _cAR-BaBNM
100 1 _aChamot, Anna Uhl
245 1 0 _aUp close
_benglish for global communication
_n2
246 1 _aUp close
_bstudent book 2
260 _aBoston
_bThomson
_c2002
300 0 _a136 p.
_bil.
_e1 CD
500 0 _aLa obra incluye un CD de audio que puede ser solicitado en Mediateca
500 0 _aLibros distribuidos por el MECYT en el marco del PROMSE 2004-2005
650 4 _aENSENANZA DE IDIOMAS
650 4 _aINGLES
650 4 _aLIBROS DE TEXTO
650 4 _aADULTOS
650 4 _aACTIVIDADES DE APRENDIZAJE
700 1 _aRainey de Díaz, Isobel
700 1 _aBaker-González, Joan
700 1 _aGordon, Deborah
_ecolaborador
700 1 _aWeinstein, Nina
_ecolaborador
942 _cBK
998 _cme-solo cat
999 _c20242
_d20242